000 00828nam a2200265Ia 4500
001 21915
005 20260320113324.0
008 260320s9999||||xx |||||||||||||| ||und||
020 _a9786074812961
041 _aESP
082 _a150
_bT16
100 _aTalbot, Shawn,
_eAUT
245 0 _aIntroducción a la psicología :
_bmapas conceptuales y repaso de conceptos
246 _a
_5
_b
250 _aduodécima edición
260 _aMéxico, D. F. :
_bCengage Learning,
_c2010
300 _a77 páginas :
_b
_c27 cm.
_e
440 _a
_n
_v
650 _aPSI
653 _aPsicología - Teoría
654 _aCPS
700 _aVanchella, Christine M.,
_cAUT
856 _uhttps://accessmedicina-mhmedical-com.ucsp.lookproxy.com/
_zVéase además: Base de datos McGraw Hill Access Medicina
942 _cLIB
_dJUS
_fTRC
_2ddc
_n
999 _c21915
_d21915